000 00778nam a22001937a 4500
999 _c159121
_d159121
005 20181204133206.0
010 _aB-713020
020 _a9789386862570
_c195.00
035 _aB-713020
037 _bL/RP/RK Books
082 _a428.24
100 _aTaylor Jeremy
245 _aIELTS Advantage
_bReading Skills
_cJeremy Taylor, Jon Wright
260 _aDelhi
_bGoyal Publishers & Distributors Pvt. Ltd.
_c2018
270 _a86,UB(University Block) Jawahar Nagar
_bDelhi
_e110007
_k23858362,23852986
_l23850961
_mgoyal@goyalsaab.com
300 _aVarious Page
_c29cm(pbk)
942 _2ddc
_cEN
_k428.24
_mTAY